[Event "Elit(Limhamn-Farsta)"]
[Site "?"]
[Date "2010.03.14"]
[Round "11"]
[White "Iversen, Kent"]
[Black "Mansson, Lars"]
[Result "1/2-1/2"]
[WhiteElo "2078"]
[BlackElo "2233"]
[PlyCount "76"]
[EventDate "2010.??.??"]
[SourceDate "2010.03.19"]

1. d4 d5 2. Nf3 c6 3. g3 Nf6 4. Bg2 g6 5. O-O Bg7 6. Nc3 O-O 7. Re1 Nbd7 8. e4
dxe4 9. Nxe4 Nxe4 10. Rxe4 Nf6 11. Re1 Bg4 12. Qd3 Nd5 13. a3 h6 14. Nh4 Qd7
15. c3 a5 16. Be3 a4 17. f4 Ra5 18. Bf2 Nf6 19. Qd2 Re8 20. Nf3 Rh5 21. Ne5 Qc8
22. Nxg4 Nxg4 23. h3 Nxf2 24. Qxf2 Ra5 25. Rad1 Bf6 26. Qf3 Rd8 27. Re2 Kg7 28.
Red2 Rad5 29. Qe2 R5d6 30. Qc4 e5 31. fxe5 Bxe5 32. Rf2 Qe6 33. Qxe6 Rxe6 34.
Rdf1 Bf6 35. Bf3 Bg5 36. Re2 Rde8 37. Rfe1 Re3 38. Kg2 f5 1/2-1/2

[Event "Elit(Limhamn-Farsta)"]
[Site "?"]
[Date "2010.03.14"]
[Round "11"]
[White "Eklund, Joel"]
[Black "Ong, Kevin"]
[Result "1-0"]
[WhiteElo "2273"]
[BlackElo "2049"]
[PlyCount "75"]
[SourceDate "2010.03.19"]

1. d4 d5 2. Bg5 Nf6 3. Bxf6 exf6 4. e3 Bd6 5. g3 O-O 6. Bg2 c6 7. Ne2 Bf5 8.
O-O Qd7 9. Re1 Re8 10. Nd2 Na6 11. a3 b5 12. c3 Rab8 13. a4 b4 14. c4 Nc7 15.
cxd5 cxd5 16. Qb3 Be6 17. Rec1 Rb6 18. Nf3 Bf5 19. Ne1 Be4 20. Nd3 Na6 21. Ndf4
Bxf4 22. Nxf4 Rd8 23. Nd3 Rc8 24. Rxc8+ Qxc8 25. Rc1 Qd7 26. Bxe4 dxe4 27. Qd5
Qe8 28. Qxe4 Qd8 29. Qf5 Rb8 30. Rc6 Nc7 31. Qc5 Ne6 32. Qxa7 Ra8 33. Qb6 Qd5
34. Rd6 Qf3 35. Qc6 Qd1+ 36. Kg2 Rf8 37. Nxb4 Ng5 38. h4 1-0

[Event "Elit(Limhamn-Farsta)"]
[Site "?"]
[Date "2010.03.14"]
[Round "11"]
[White "Lagerborg, Krister"]
[Black "Nylen, Anders"]
[Result "1-0"]
[WhiteElo "2019"]
[BlackElo "2232"]
[PlyCount "121"]

1. e4 c5 2. Nf3 d6 3. d4 cxd4 4. Nxd4 Nf6 5. Nc3 a6 6. Be3 e5 7. Nb3 Be6 8. Be2
Be7 9. O-O O-O 10. a4 Nbd7 11. f4 exf4 12. Rxf4 Ne5 13. a5 Nc4 14. Bxc4 Bxc4
15. Bb6 Qd7 16. e5 Bxb3 17. exf6 Bxc2 18. Qxc2 Bxf6 19. Rxf6 gxf6 20. Nd5 Qe6
21. Qd3 Rac8 22. Rf1 f5 23. Ne3 Qe4 24. Qxd6 Rc6 25. Qg3+ Rg6 26. Qf3 Qxf3 27.
Rxf3 Re8 28. Bd4 Re4 29. Nxf5 Re2 30. Ng3 Rc2 31. Rc3 Rxc3 32. Bxc3 Kf8 33. Kf2
Ke7 34. Ne2 Rh6 35. h3 b6 36. axb6 Rxb6 37. Nf4 Kd6 38. g4 a5 39. Ke3 a4 40.
Ke4 Rb3 41. Bg7 Ke7 42. Bd4 Kd6 43. Nd3 Rb5 44. h4 Ra5 45. Be5+ Ke7 46. Bc3 Ra8
47. g5 Ke6 48. Nf4+ Ke7 49. Nd5+ Kf8 50. h5 Rc8 51. h6 Rc4+ 52. Kd3 Rh4 53. Nf6
Rh3+ 54. Kc4 Ke7 55. Nxh7 Rh4+ 56. Kb5 Ke8 57. Bg7 f5 58. gxf6 Rh5+ 59. Kxa4
Kf7 60. Nf8 Rh4+ 61. b4 1-0

[Event "Elit(Limhamn-Farsta)"]
[Site "?"]
[Date "2010.03.14"]
[Round "11"]
[White "Tadjerbashi, Amir"]
[Black "Kaivanipour, Kivan"]
[Result "1-0"]
[WhiteElo "2246"]
[BlackElo "1928"]
[PlyCount "57"]

1. e4 e5 2. Nf3 f5 3. Nxe5 Nc6 4. Nxc6 dxc6 5. Nc3 Bc5 6. Qe2 Qe7 7. d3 Bd7 8.
Be3 O-O-O 9. O-O-O fxe4 10. Nxe4 Bxe3+ 11. Qxe3 Kb8 12. g3 Nf6 13. Bg2 Rhf8 14.
h3 h6 15. Rde1 Rde8 16. Kb1 Nd5 17. Qd2 Qf7 18. Re2 g5 19. c4 Nb6 20. Rhe1 Bf5
21. g4 Bg6 22. Ka1 Rd8 23. Qc2 Qd7 24. Re3 Rfe8 25. Nf6 Qd4 26. Nxe8 Bxd3 27.
Qc3 Qd7 28. Nf6 Qd6 29. c5 1-0